| 000 | 00677 a2200181 4500 | ||
|---|---|---|---|
| 999 |
_c183181 _d183181 |
||
| 005 | 20211220111351.0 | ||
| 010 | _aENG-130411 | ||
| 020 |
_a978-93-91370-72-5 _c1495.00 |
||
| 035 | _aEN-113943 | ||
| 037 | _bDBAD/PUB | ||
| 082 |
_a327.5054 _b1 |
||
| 245 |
_aLinking India and Eastern Neighbours: _cEdited by H. Srikanth, Munmun Majumdar _bDevelopment in the Nnortheast and Borderlands |
||
| 260 |
_aNew Delhi _bSage Publications India Pvt. Ltd _c2021 |
||
| 270 |
_aB-I/I-I Mohan Cooperative, Industrial Area, Mathura Road, _bNew Delhi _e110040 |
||
| 300 |
_a310p. _c22cm (hbk) |
||
| 700 | _aEdited By Munmun Majumdar | ||
| 942 |
_adpl _cEN _2ddc _h327.5054 _mLIN |
||